[Event "M.Chigorin Memorial A"]
[Site "St. Petersburg RUS"]
[Date "2007.12.09"]
[Round "9.5"]
[White "Yevseev, Denis"]
[Black "Matlakov, Maxim"]
[Result "1-0"]
[WhiteElo "2499"]
[BlackElo "2441"]
[PlyCount "37"]
[EventDate "2007.??.??"]

1. d4 d5 2. c4 c6 3. Nf3 Nf6 4. e3 Bf5 5. Nc3 e6 6. Nh4 Be4 7. f3 Bg6 8. Qb3
Qc7 9. Bd2 Nbd7 10. cxd5 exd5 11. O-O-O Be7 12. Nxg6 hxg6 13. Kb1 Nb6 14. g3 a5
15. e4 a4 16. Qc2 Nc4 17. e5 Nh7 18. Bxc4 dxc4 19. d5 1-0

[Event "M.Chigorin Memorial A"]
[Site "St. Petersburg RUS"]
[Date "2007.12.09"]
[Round "9.6"]
[White "Zhigalko, Andrey"]
[Black "Khairullin, Ildar"]
[Result "1-0"]
[WhiteElo "2554"]
[BlackElo "2567"]
[PlyCount "83"]
[EventDate "2007.??.??"]

1. e4 e5 2. Nf3 Nc6 3. Bb5 a6 4. Ba4 Nf6 5. O-O Be7 6. Re1 b5 7. Bb3 d6 8. c3
O-O 9. h3 Na5 10. Bc2 c5 11. d4 Qc7 12. Nbd2 cxd4 13. cxd4 Rd8 14. b3 Nc6 15.
Bb2 Bb7 16. Rc1 Qb6 17. d5 Nb4 18. Bb1 a5 19. Nf1 Na6 20. g4 Nc5 21. Rc3 b4 22.
Rce3 Nfd7 23. Ng3 Nf8 24. Nf5 Ng6 25. Nxe7+ Nxe7 26. Nh4 Rdc8 27. g5 Nd7 28.
Qg4 Rc7 29. f4 exf4 30. Qxf4 Ne5 31. Bxe5 dxe5 32. Qxe5 Rc1 33. Kg2 Qc5 34. Bd3
Rc3 35. Qg3 Re8 36. Rf3 g6 37. Bc4 Rc2+ 38. Rf2 Rxc4 39. bxc4 Qxc4 40. Qf4 Rf8
41. Rc1 Qd4 42. Nf3 1-0

[Event "M.Chigorin Memorial A"]
[Site "St. Petersburg RUS"]
[Date "2007.12.09"]
[Round "9.7"]
[White "Levin, Evgeny A"]
[Black "Aleksandrov, Aleksej"]
[Result "1-0"]
[WhiteElo "2428"]
[BlackElo "2614"]
[PlyCount "113"]
[EventDate "2007.??.??"]

1. d4 d5 2. c4 e6 3. Nc3 Bb4 4. Nf3 Nf6 5. Bg5 Nbd7 6. e3 c5 7. cxd5 exd5 8.
Bd3 c4 9. Bf5 Nb6 10. Bxc8 Rxc8 11. O-O O-O 12. Ne5 Bxc3 13. bxc3 Qd6 14. Bxf6
Qxf6 15. a4 Rc7 16. Re1 Qe6 17. Qg4 Qxg4 18. Nxg4 Re8 19. Ra2 Rce7 20. Rb1 f6
21. h3 Kf7 22. Nh2 Nc8 23. Nf1 Nd6 24. g4 Rc8 25. f3 Rc6 26. Rb4 Ke6 27. Kf2
Kd7 28. Ng3 g6 29. e4 dxe4 30. Nxe4 Rf7 31. a5 Ke6 32. Re2 Nxe4+ 33. fxe4 Rcc7
34. Rb5 Kd7 35. Ke3 Kc6 36. Reb2 Kd6 37. h4 Ke6 38. Kf4 Rfd7 39. Rb1 Rf7 40.
Ke3 h6 41. Rf1 Rg7 42. g5 hxg5 43. hxg5 fxg5 44. Rxg5 Kd7 45. e5 Rc6 46. Rb1
Kc8 47. d5 Rc5 48. Kd4 Rxa5 49. e6 Rh7 50. Re1 Kd8 51. Rxg6 Ra2 52. Reg1 Ke7
53. Rg7+ Rxg7 54. Rxg7+ Kf6 55. Rf7+ Kg6 56. Rxb7 a5 57. d6 1-0

[Event "M.Chigorin Memorial A"]
[Site "St. Petersburg RUS"]
[Date "2007.12.09"]
[Round "9.8"]
[White "Shimanov, Aleksandr"]
[Black "Kokarev, Dmitry"]
[Result "0-1"]
[WhiteElo "2447"]
[BlackElo "2550"]
[PlyCount "68"]
[EventDate "2007.??.??"]

1. e4 c5 2. Nf3 d6 3. d4 Nf6 4. Nc3 cxd4 5. Nxd4 a6 6. Be3 Ng4 7. Bc1 Nf6 8.
Be3 Ng4 9. Bc1 Nf6 10. Be2 e5 11. Nb3 Be7 12. Bg5 Be6 13. Bxf6 Bxf6 14. Qd3 O-O
15. O-O-O Qb6 16. Rhf1 Nc6 17. Qxd6 Be7 18. Nd5 Bxd5 19. Qxd5 Rfd8 20. Qc4
Rxd1+ 21. Bxd1 Qc7 22. Kb1 b5 23. Qc3 a5 24. Be2 Bb4 25. Qe3 a4 26. Nd2 a3 27.
c3 axb2 28. cxb4 Nd4 29. Qd3 Nxe2 30. Qxe2 Qa7 31. Kc2 Qxa2 32. Rb1 Rc8+ 33.
Kd1 Qa4+ 34. Ke1 Rc1+ 0-1

[Event "M.Chigorin Memorial A"]
[Site "St. Petersburg RUS"]
[Date "2007.12.09"]
[Round "9.10"]
[White "Maslak, Konstantin"]
[Black "Slugin, Sergey"]
[Result "1-0"]
[WhiteElo "2510"]
[BlackElo "2403"]
[PlyCount "85"]
[EventDate "2007.??.??"]

1. e4 c6 2. d4 d5 3. Nc3 dxe4 4. Nxe4 Bf5 5. Ng3 Bg6 6. h4 h6 7. Nf3 Nd7 8. h5
Bh7 9. Bd3 Bxd3 10. Qxd3 Qc7 11. Bd2 Ngf6 12. O-O-O e6 13. Ne4 O-O-O 14. g3
Nxe4 15. Qxe4 Bd6 16. c4 c5 17. Bc3 Nf6 18. Qe2 cxd4 19. Nxd4 a6 20. Kb1 Rd7
21. Nb3 Qc6 22. Rh4 Rhd8 23. Rhd4 Bc7 24. Rxd7 Rxd7 25. Rxd7 Kxd7 26. g4 Qh1+
27. Kc2 Qg2 28. Bxf6 gxf6 29. Nc5+ Ke7 30. Nd3 Be5 31. Nxe5 fxe5 32. Kd3 b5 33.
b3 Kd6 34. Kc3 bxc4 35. Kxc4 e4 36. Kd4 a5 37. a3 Ke7 38. b4 axb4 39. axb4 f5
40. gxf5 exf5 41. Ke5 Qg5 42. Qa6 Qxh5 43. Qf6+ 1-0

[Event "M.Chigorin Memorial A"]
[Site "St. Petersburg RUS"]
[Date "2007.12.09"]
[Round "9.11"]
[White "Utkin, Aleksey"]
[Black "Ovod, Evgenija"]
[Result "1/2-1/2"]
[WhiteElo "2389"]
[BlackElo "2386"]
[PlyCount "152"]
[EventDate "2007.??.??"]

1. d4 d5 2. Nf3 c6 3. c3 Nf6 4. Bf4 Qb6 5. Qb3 Bf5 6. e3 Nbd7 7. Nbd2 Nh5 8.
Be5 f6 9. Nh4 fxe5 10. Nxf5 g6 11. Ng3 exd4 12. cxd4 Nxg3 13. hxg3 e5 14. Bd3
Qxb3 15. Nxb3 Kf7 16. O-O-O Bg7 17. e4 exd4 18. exd5 c5 19. Kb1 Rac8 20. Rc1 b6
21. Nd2 Nf6 22. Ne4 Nxe4 23. Bxe4 c4 24. g4 h6 25. Rhe1 Rhd8 26. f4 Rc5 27. g5
d3 28. gxh6 Bxh6 29. Rh1 Bg7 30. b3 cxb3 31. Rxc5 bxc5 32. axb3 Rb8 33. Bxd3
Rxb3+ 34. Kc2 Rb2+ 35. Kc1 Rxg2 36. f5 g5 37. d6 Rg4 38. Bb5 Rd4 39. d7 Kf6 40.
Rf1 g4 41. Kc2 Kg5 42. Rf2 Bf6 43. Rf1 g3 44. Rg1 Kg4 45. Re1 Kxf5 46. Rf1+ Kg5
47. Bc6 Bd8 48. Rf8 Ba5 49. Rg8+ Kf4 50. Rf8+ Ke5 51. Rg8 Rd6 52. Ba8 Rxd7 53.
Rxg3 Bb4 54. Re3+ Kf4 55. Rf3+ Kg4 56. Rd3 Rc7 57. Bd5 a5 58. Kb3 Kf4 59. Bc4
Rg7 60. Bb5 Rg1 61. Rd8 Rb1+ 62. Kc2 Ra1 63. Kb2 Ra3 64. Rd3 Rxd3 65. Bxd3 a4
66. Bb5 a3+ 67. Kb3 Ke3 68. Bc4 Kd2 69. Bb5 Kd1 70. Bc4 Kc1 71. Bd3 Kd2 72. Bc4
Ke3 73. Bb5 Kd4 74. Ba6 c4+ 75. Bxc4 a2 76. Kxa2 Kxc4 1/2-1/2

[Event "M.Chigorin Memorial A"]
[Site "St. Petersburg RUS"]
[Date "2007.12.09"]
[Round "9.12"]
[White "Tihonov, Jurij"]
[Black "Ponfilenok, Vladimir"]
[Result "1/2-1/2"]
[WhiteElo "2522"]
[BlackElo "2412"]
[PlyCount "83"]
[EventDate "2007.??.??"]

1. c4 e6 2. Nc3 f5 3. g3 Nf6 4. Bg2 d5 5. cxd5 exd5 6. d4 c6 7. Nf3 Be7 8. Ne5
O-O 9. O-O Nbd7 10. Nd3 Ne4 11. f3 Nd6 12. Bf4 Qb6 13. e3 g5 14. Bxd6 Bxd6 15.
f4 g4 16. b4 Nf6 17. Rb1 Ne4 18. Qc2 a6 19. a4 h5 20. Rfc1 h4 21. Nxe4 fxe4 22.
Nc5 Qd8 23. Ra1 b6 24. Nxe4 dxe4 25. Qxc6 Bf5 26. Qd5+ Rf7 27. Rc6 Bxb4 28.
Bxe4 Bf8 29. Rac1 Bxe4 30. Qxe4 Bg7 31. d5 Qe7 32. Qd3 Rd8 33. Rxb6 Rf6 34.
Rxf6 Qxf6 35. e4 Qb2 36. Qc2 Qd4+ 37. Kf1 Qe3 38. Re1 Qf3+ 39. Qf2 Qh1+ 40. Qg1
Qf3+ 41. Qf2 Qh1+ 42. Qg1 1/2-1/2

[Event "M.Chigorin Memorial A"]
[Site "St. Petersburg RUS"]
[Date "2007.12.09"]
[Round "9.13"]
[White "Bodnaruk, Anastasia"]
[Black "Utegaliyev, Azamat"]
[Result "1-0"]
[WhiteElo "2331"]
[BlackElo "2200"]
[PlyCount "129"]
[EventDate "2007.??.??"]

1. e4 c5 2. Ne2 d6 3. g3 d5 4. Bg2 dxe4 5. Bxe4 Nf6 6. Bg2 Nc6 7. O-O h5 8. h4
Bg4 9. d3 Qd7 10. Nbc3 O-O-O 11. Be3 e5 12. a3 Bh3 13. f3 Bxg2 14. Kxg2 Nd5 15.
Nxd5 Qxd5 16. Nc3 Qe6 17. Qe2 f5 18. Bg5 Be7 19. Bxe7 Qxe7 20. f4 Nd4 21. Qf2
exf4 22. gxf4 Rh6 23. Rae1 Rg6+ 24. Kh3 Qf6 25. Re5 Kb8 26. Nd5 Qf7 27. c4 Nc6
28. Re2 Rxd5 29. cxd5 Qxd5 30. Re8+ Kc7 31. Qf3 Qb3 32. Qxh5 Qxd3+ 33. Qf3 Qc4
34. Qe2 Qd5 35. Rd1 Qf7 36. Re3 Rg4 37. Qf2 Qc4 38. Rf1 Nd4 39. Rg3 Qe6 40. Re3
Qg6 41. Rfe1 a5 42. Re7+ Kb8 43. Re8+ Ka7 44. b4 Qh6 45. Rf1 Ne6 46. Rxe6 Qxe6
47. Qxc5+ b6 48. Qc3 Qe7 49. Qe1 Qb7 50. Qe2 a4 51. b5 g5 52. fxg5 Qh7 53. Qf2
Rxg5 54. Rd1 Rg8 55. Rd5 Rf8 56. Qd4 Rf7 57. Qxa4+ Kb8 58. Qd4 Qg6 59. Rd6 Qg4+
60. Qxg4 fxg4+ 61. Kxg4 Kb7 62. h5 Rf1 63. Rd3 Rg1+ 64. Rg3 Rh1 65. Kg5 1-0

[Event "M.Chigorin Memorial A"]
[Site "St. Petersburg RUS"]
[Date "2007.12.09"]
[Round "9.14"]
[White "Demianjuk, Alexander"]
[Black "Gasanov, Eldar"]
[Result "0-1"]
[WhiteElo "2334"]
[BlackElo "2504"]
[PlyCount "102"]
[EventDate "2007.??.??"]

1. d4 Nf6 2. c4 e6 3. Nc3 Bb4 4. Qc2 d5 5. cxd5 exd5 6. Bg5 c5 7. dxc5 h6 8.
Bh4 g5 9. Bg3 Ne4 10. e3 Qa5 11. Nge2 Bg4 12. Bxb8 Rxb8 13. Nd4 Bd7 14. Bd3
Bxc3+ 15. bxc3 Qxc3+ 16. Qxc3 Nxc3 17. Kd2 Na4 18. Rhc1 Rc8 19. Nb5 Ke7 20. Nc3
Nxc5 21. Nxd5+ Kd6 22. Nc3 Rhd8 23. Ne4+ Nxe4+ 24. Bxe4 Ke5 25. Bd3 Rxc1 26.
Rxc1 Bc6 27. f3 Rd5 28. Kc3 Rc5+ 29. Kb2 Rxc1 30. Kxc1 f5 31. Kd2 f4 32. Ke2 b5
33. a3 a5 34. Kd2 b4 35. axb4 axb4 36. Bc4 h5 37. exf4+ Kxf4 38. Bf7 h4 39. Bh5
Bd7 40. Bf7 Bb5 41. Kc2 Bf1 42. g3+ Kxf3 43. gxh4 gxh4 44. Kd2 Kg2 45. Ke3 Kxh2
46. Kf2 Bd3 47. Bb3 Bb1 48. Kf3 h3 49. Kf2 Bf5 50. Bd5 Bc2 51. Ke3 Kg1 0-1

[Event "M.Chigorin Memorial A"]
[Site "St. Petersburg RUS"]
[Date "2007.12.09"]
[Round "9.15"]
[White "Solovjov, Sergey I"]
[Black "Tarasova, Viktoriya"]
[Result "1/2-1/2"]
[WhiteElo "2461"]
[BlackElo "2277"]
[PlyCount "57"]
[EventDate "2007.??.??"]

1. e4 c5 2. Nf3 e6 3. d4 cxd4 4. Nxd4 Nc6 5. Nc3 Qc7 6. Be2 a6 7. O-O Nf6 8.
Kh1 Bb4 9. Qd3 O-O 10. Bg5 Bxc3 11. bxc3 Qe5 12. f4 Qxe4 13. Qg3 Nxd4 14. cxd4
Qg6 15. Bd3 Ne4 16. Bxe4 Qxe4 17. Be7 Re8 18. f5 exf5 19. Rae1 Qg4 20. Qd6 Qg6
21. c4 Qxd6 22. Bxd6 Re4 23. Rxe4 fxe4 24. Rf4 b5 25. Rxe4 Bb7 26. Re7 bxc4 27.
Rxd7 Bd5 28. Ba3 Bc6 29. Rc7 1/2-1/2

[Event "M.Chigorin Memorial A"]
[Site "St. Petersburg RUS"]
[Date "2007.12.09"]
[Round "9.17"]
[White "Kuderinov, Kirill"]
[Black "Rozum, Ivan"]
[Result "1/2-1/2"]
[WhiteElo "2416"]
[BlackElo "2411"]
[PlyCount "126"]
[EventDate "2007.??.??"]

1. e4 c5 2. Nf3 e6 3. d4 cxd4 4. Nxd4 a6 5. Bd3 Nf6 6. Nc3 Qc7 7. O-O Nc6 8.
Be3 Ne5 9. h3 Bc5 10. Kh1 d6 11. Qe1 O-O 12. f4 Ng6 13. Qg3 e5 14. Nde2 Nh5 15.
Qf3 Bxe3 16. f5 Nf6 17. Qxe3 Ne7 18. g4 d5 19. g5 Nxe4 20. Nxe4 dxe4 21. Bxe4
f6 22. gxf6 Rxf6 23. Ng3 Kh8 24. Rad1 Bd7 25. Kh2 Raf8 26. Qd2 Bc6 27. Bxc6
Nxc6 28. Qd7 Qb6 29. Qd3 Qxb2 30. Ne4 Nb4 31. Qf3 Rc6 32. Kh1 Qxc2 33. f6 gxf6
34. Rd7 Rc7 35. Rd8 Rxd8 36. Qxf6+ Rg7 37. Qxd8+ Rg8 38. Qf6+ Rg7 39. Ng5 Qxa2
40. Rf2 Qd5+ 41. Kh2 Nd3 42. Ne6 Qxe6 43. Qxe6 Nxf2 44. Qe8+ Rg8 45. Qxe5+ Rg7
46. Qd4 h6 47. Qxf2 Kh7 48. Qf5+ Kh8 49. h4 Rg8 50. Qf4 Kh7 51. Qe4+ Kh8 52.
Qxb7 Rg7 53. Qxa6 Kh7 54. Qf6 Rg8 55. Kh3 Rg7 56. Qf5+ Kh8 57. h5 Rg8 58. Kh4
Rg7 59. Qf6 Kh7 60. Qe6 Rg8 61. Qe4+ Kh8 62. Qe3 Kh7 63. Qd3+ Kh8 1/2-1/2

[Event "M.Chigorin Memorial A"]
[Site "St. Petersburg RUS"]
[Date "2007.12.09"]
[Round "9.18"]
[White "Evdokimov, Alexander A"]
[Black "Gorovykh, Eduard"]
[Result "1/2-1/2"]
[WhiteElo "2562"]
[BlackElo "2402"]
[PlyCount "58"]
[EventDate "2007.??.??"]

1. d4 Nf6 2. c4 g6 3. Nc3 Bg7 4. e4 O-O 5. Nf3 d6 6. Be2 e5 7. Be3 Nbd7 8. O-O
Re8 9. d5 Ng4 10. Bg5 f6 11. Bd2 Nh6 12. b4 a5 13. a3 f5 14. Ng5 Nf6 15. c5
fxe4 16. cxd6 cxd6 17. Ncxe4 Nxe4 18. Nxe4 Bf5 19. f3 axb4 20. Bxb4 Nf7 21. Kh1
Bh6 22. Ng3 Qh4 23. Nxf5 gxf5 24. g3 Qf6 25. Bd3 Ng5 26. Qb1 f4 27. h4 fxg3 28.
hxg5 g2+ 29. Kxg2 Qxg5+ 1/2-1/2

[Event "M.Chigorin Memorial A"]
[Site "St. Petersburg RUS"]
[Date "2007.12.09"]
[Round "9.19"]
[White "Konovalov, Nikolay"]
[Black "Bratus, Pater P"]
[Result "1-0"]
[WhiteElo "2453"]
[BlackElo "2211"]
[PlyCount "201"]
[EventDate "2007.??.??"]

1. d4 Nf6 2. c4 e6 3. Nc3 d5 4. cxd5 exd5 5. Bg5 Be7 6. e3 c6 7. Bd3 Nbd7 8.
Nge2 O-O 9. O-O Re8 10. f3 Nf8 11. Bh4 Ne6 12. Bf2 c5 13. dxc5 Bxc5 14. Qd2 Bd7
15. Rac1 Bc6 16. Bb1 Qe7 17. Rfe1 Bb6 18. Kh1 Qd7 19. Bh4 Bd8 20. Qc2 g6 21.
Bf2 Rc8 22. Rcd1 Qc7 23. Qd2 Be7 24. Nd4 a6 25. Rc1 Qa5 26. a3 Bf8 27. Ba2 Bg7
28. b4 Qd8 29. Nce2 Bd7 30. Rxc8 Bxc8 31. Rc1 Re7 32. Bg3 Bd7 33. Nxe6 fxe6 34.
Be5 Be8 35. Nf4 Bf7 36. Nd3 h6 37. Qc3 Ne8 38. Qc8 Qxc8 39. Rxc8 Bxe5 40. Nxe5
Kg7 41. Kg1 Rc7 42. Rxc7 Nxc7 43. a4 g5 44. Bb1 Bh5 45. Bd3 Be8 46. Bc2 h5 47.
Kf2 Kf6 48. f4 Na8 49. a5 Nc7 50. Ke2 d4 51. Be4 Bb5+ 52. Kf3 dxe3 53. Kxe3
gxf4+ 54. Kxf4 Nd5+ 55. Bxd5 exd5 56. Nf3 Bd7 57. h3 Ba4 58. Nd4 Bd7 59. Nb3
Ba4 60. Nc5 Bc6 61. g3 d4 62. g4 hxg4 63. hxg4 Bd5 64. g5+ Kg6 65. Nd3 Bh1 66.
Ne5+ Kg7 67. Kf5 Bd5 68. Nd3 Bc4 69. Ne5 Bd5 70. Kf4 Bh1 71. Nd3 Kg6 72. Nf2
Bc6 73. Ng4 Bb5 74. Ne5+ Kh5 75. g6 Kh6 76. Ke4 d3 77. Nxd3 Kxg6 78. Nc5 Kf6
79. Kd5 Ke7 80. Nxb7 Kd7 81. Nd6 Bf1 82. Nf5 Kc7 83. Kc5 Bh3 84. Nd4 Bd7 85.
Ne2 Bb5 86. Nf4 Bf1 87. Nd5+ Kb7 88. Kd6 Bg2 89. Nf6 Bf3 90. Nd7 Bg2 91. Nc5+
Ka7 92. Kc7 Bf3 93. Ne6 Bg2 94. Nd4 Be4 95. Nc6+ Ka8 96. Kb6 Bg2 97. Ne5 Bf1
98. Nd7 Be2 99. Nc5 Kb8 100. Nxa6+ Kc8 101. Nc7 1-0

[Event "M.Chigorin Memorial A"]
[Site "St. Petersburg RUS"]
[Date "2007.12.09"]
[Round "9.20"]
[White "Ivanov, Rostislav"]
[Black "Kashlinskaya, Alina"]
[Result "1-0"]
[WhiteElo "2355"]
[BlackElo "2263"]
[PlyCount "133"]
[EventDate "2007.??.??"]

1. e4 c5 2. Nf3 Nc6 3. d4 cxd4 4. Nxd4 e5 5. Nb5 d6 6. N1c3 a6 7. Na3 b5 8. Nd5
Nge7 9. c4 Nxd5 10. exd5 Nd4 11. cxb5 Be7 12. Bc4 axb5 13. Nxb5 Ba6 14. Na3
Bxc4 15. Nxc4 Qc8 16. b3 O-O 17. O-O Ra6 18. Bb2 Qa8 19. Re1 Bf6 20. a3 Qxd5
21. Qd3 Qb7 22. b4 Rc8 23. Bxd4 exd4 24. Nd2 Raa8 25. Ne4 Be5 26. g3 f5 27. Nd2
Qf7 28. f4 Bf6 29. Qxf5 d3 30. Qxd3 Bxa1 31. Rxa1 Kh8 32. Ne4 Qg6 33. Qd5 Rd8
34. Rd1 h6 35. b5 Rxa3 36. b6 Re3 37. f5 Qh5 38. Rf1 Re2 39. Rf2 Re1+ 40. Kg2
Rd1 41. Nd2 Re1 42. b7 Qd1 43. f6 gxf6 44. Qf5 Qa1 45. Ne4 Qe5 46. Qxe5 dxe5
47. Rc2 Rb1 48. Rc8 Rxb7 49. Rxd8+ Kg7 50. Rd6 Rb2+ 51. Nd2 Kf7 52. Kf3 Ke7 53.
Rd3 f5 54. Ke3 Rb4 55. Ra3 f4+ 56. Kf3 fxg3 57. hxg3 h5 58. Ne4 Rb1 59. Ra6
Rb3+ 60. Kg2 Rb2+ 61. Kh3 Re2 62. Ng5 Kd7 63. Rh6 e4 64. Rxh5 e3 65. Kg4 Rf2
66. Nh3 e2 67. Re5 1-0